00293nam a2200109Ia 4500008004000000082001700040100001800057245003700075260003900112300000800151650002400159210210b1957 xxu||||| |||| 00| 0 eng d a082.954 BRID aBRIGHT (J S). aDictionary of Indian quotations. aDelhi.bBright Publication.,c1957 a240 aIndian Quotations